| 000 | 00786nam a22002537a 4500 | ||
|---|---|---|---|
| 008 | 131028b xxu||||| |||| 00| 0 eng d | ||
| 020 | _a9971-51-275-0 | ||
| 024 | _cAvailable | ||
| 037 | _cAvailable | ||
| 040 |
_aMBSTU LIBRARY _dMBSTU LIBRARY |
||
| 082 |
_222 _a001.642 SIO |
||
| 100 | _aSilberschatz, Galvin. | ||
| 245 | _aOperating system concepts. | ||
| 250 | _a5th &6th | ||
| 260 |
_aNew York _bJohn Wiley and Sons. _c2001,2004 |
||
| 300 |
_a23 cm. _b888, 951 _f11 _g23 cm. |
||
| 600 | _2computer programs and programming. | ||
| 650 | _2computer programs and programming. | ||
| 700 | _aSilberschatz, Galvin. | ||
| 270 |
_aNew York _bNew York _dUSA |
||
| 365 |
_b456.00 _d456.00 |
||
| 942 |
_2ddc _cBK |
||
| 999 |
_c739 _d739 |
||